[Event "Dvorkovich Memorial op 6th"]
[Site "Taganrog"]
[Date "2011.08.08"]
[Round "8"]
[White "Petrov, Artur"]
[Black "Papin, Vasily"]
[Result "0-1"]
[WhiteElo "2383"]
[BlackElo "2565"]
[PlyCount "146"]
[EventDate "2011.08.01"]
[EventType "swiss"]
[EventRounds "9"]
[EventCountry "RUS"]
[SourceTitle "CBM 144 Extra"]
[Source "ChessBase"]
[SourceDate "2011.10.28"]
[SourceVersion "1"]
[SourceVersionDate "2011.10.28"]
[SourceQuality "1"]

1. e4 c5 2. Nf3 d6 3. d4 cxd4 4. Nxd4 Nf6 5. Nc3 a6 6. Be2 e6 7. 0-0 Be7 8. f4 0-0 9. Bf3 Qc7 10. g4 Nc6 11. g5 Nd7 12. Be3 Re8 13. Bg2 Nxd4 14. Bxd4 b5 15. Qd2 Bb7 16. f5 Ne5 17. f6 Bf8 18. b3 Rac8 19. Rac1 g6 20. a4 Nc6 21. Bf2 Na5 22. axb5 Qxc3 23. Qxc3 Rxc3 24. Be1 Rc5 25. Bxa5 Rxg5 26. Bd2 Rxb5 27. b4 d5 28. exd5 exd5 29. c4 dxc4 30. Bxb7 Rxb7 31. Rxc4 Rb6 32. Bc3 h5 33. Rd1 Bh6 34. h4 Bf8 35. Rd7 Rd6 36. Rxd6 Bxd6 37. Rc6 Be5 38. Bxe5 Rxe5 39. Rxa6 Rb5 40. Kg2 Rxb4 41. Kg3 Rg4+ 42. Kh3 Rf4 43. Kg3 Rf5 44. Rd6 Kh7 45. Rb6 Kh6 46. Ra6 g5 47. hxg5+ Kxg5 48. Ra8 Rxf6 49. Rg8+ Rg6 50. Rf8 f5 51. Kf3 Rg7 52. Kg3 Rg6 53. Kh3 h4 54. Ra8 Rd6 55. Rg8+ Kf4 56. Ra8 Rd1 57. Ra4+ Kg5 58. Ra8 Rd3+ 59. Kg2 Kg4 60. Rg8+ Kf4 61. Rh8 Rg3+ 62. Kh2 Kf3 63. Ra8 f4 64. Ra7 Ke4 65. Re7+ Kf5 66. Rf7+ Kg4 67. Rg7+ Kf3 68. Ra7 Ke4 69. Re7+ Kd3 70. Rf7 Rf3 71. Rf8 Ke2 72. Rf7 Rf1 73. Kh3 f3 0-1

[Event "Dvorkovich Memorial op 6th"]
[Site "Taganrog"]
[Date "2011.08.03"]
[Round "3"]
[White "Petrov, Artur"]
[Black "Mamonov, Alexey"]
[Result "1-0"]
[WhiteElo "2383"]
[BlackElo "2247"]
[PlyCount "81"]
[EventDate "2011.08.01"]
[EventType "swiss"]
[EventRounds "9"]
[EventCountry "RUS"]
[SourceTitle "CBM 144 Extra"]
[Source "ChessBase"]
[SourceDate "2011.10.28"]
[SourceVersion "1"]
[SourceVersionDate "2011.10.28"]
[SourceQuality "1"]

1. e4 c5 2. Nf3 Nc6 3. d4 cxd4 4. Nxd4 g6 5. Nc3 Bg7 6. Be3 Nf6 7. Be2 0-0 8. Nb3 d6 9. 0-0 Be6 10. f4 Qc8 11. Kh1 Bg4 12. Bg1 Bxe2 13. Qxe2 Qg4 14. Qd2 Rfd8 15. Rae1 Rac8 16. Nd5 e6 17. Nxf6+ Bxf6 18. c3 Qh5 19. f5 Bh4 20. Rd1 Ne5 21. fxe6 fxe6 22. Nd4 Re8 23. Qc2 Nc4 24. b3 Ne5 25. c4 a6 26. Qe2 Qxe2 27. Nxe2 Nf7 28. Nd4 Bd8 29. h3 Ba5 30. Nf3 Red8 31. Bh2 Bb4 32. Bg1 Re8 33. Rd3 Bc5 34. Bxc5 Rxc5 35. e5 dxe5 36. Rd7 b5 37. Nd2 Rf8 38. Ne4 Rc6 39. c5 Rcc8 40. b4 Rcd8 41. Rfxf7 1-0

[Event "Dvorkovich Memorial op 6th"]
[Site "Taganrog"]
[Date "2011.08.02"]
[Round "2"]
[White "Sukhareva, Evgenia"]
[Black "Petrov, Artur"]
[Result "1/2-1/2"]
[WhiteElo "2180"]
[BlackElo "2383"]
[PlyCount "93"]
[EventDate "2011.08.01"]
[EventType "swiss"]
[EventRounds "9"]
[EventCountry "RUS"]
[SourceTitle "CBM 144 Extra"]
[Source "ChessBase"]
[SourceDate "2011.10.28"]
[SourceVersion "1"]
[SourceVersionDate "2011.10.28"]
[SourceQuality "1"]

1. d4 Nf6 2. c4 e6 3. Nf3 d5 4. Nc3 Bb4 5. Qb3 c5 6. Bg5 dxc4 7. Qxc4 Nc6 8. a3 Qa5 9. Rc1 Bxc3+ 10. Qxc3 Qxc3+ 11. bxc3 Ne4 12. Bf4 Na5 13. e3 c4 14. Be2 f6 15. Bd1 b5 16. Nd2 Bb7 17. f3 Nxd2 18. Kxd2 Kd7 19. Rb1 a6 20. Bc2 g5 21. Bg3 h5 22. e4 h4 23. Bf2 g4 24. fxg4 h3 25. gxh3 Rxh3 26. Be3 Nb3+ 27. Ke2 Rah8 28. Rbf1 Rxh2+ 29. Rxh2 Rxh2+ 30. Rf2 Rxf2+ 31. Kxf2 Kd6 32. e5+ fxe5 33. dxe5+ Kxe5 34. g5 Bd5 35. Kg3 Kd6 36. g6 e5 37. Kg4 Nc5 38. Bxc5+ Kxc5 39. Kf5 Kd6 40. Be4 Bxe4+ 41. Kxe4 Ke6 42. g7 Kf7 43. g8Q+ Kxg8 44. Kxe5 Kf7 45. Kd6 Kf6 46. Kd5 Kf5 47. a4 1/2-1/2

[Event "Azov Don Cup"]
[Site "Azov"]
[Date "2011.07.14"]
[Round "7"]
[White "Pushkov, Nikolai"]
[Black "Petrov, Artur"]
[Result "1/2-1/2"]
[WhiteElo "2401"]
[BlackElo "2383"]
[PlyCount "78"]
[EventDate "2011.07.09"]
[EventType "swiss"]
[EventRounds "9"]
[EventCountry "RUS"]
[SourceTitle "EXT 2012"]
[Source "ChessBase"]
[SourceDate "2011.11.24"]
[SourceVersion "1"]
[SourceVersionDate "2011.11.24"]
[SourceQuality "1"]

1. d4 Nf6 2. Nf3 d6 3. c4 g6 4. Nc3 Bg7 5. e4 0-0 6. Be2 e5 7. d5 a5 8. h3 Na6 9. Bg5 Qe8 10. a3 Nc5 11. Bxf6 Bxf6 12. b4 Na6 13. 0-0 Be7 14. Nd2 Bd7 15. bxa5 h5 16. Rb1 Nc5 17. Nb3 Nxb3 18. Qxb3 Bc8 19. a6 Rxa6 20. c5 Ra5 21. Nb5 Qd8 22. Qb4 Ra8 23. cxd6 Bxd6 24. Nxd6 Qxd6 25. a4 Bd7 26. Qxd6 cxd6 27. Rb6 Bxa4 28. Rxd6 b5 29. Rb1 Bc2 30. Rxb5 Ra1+ 31. Kh2 Bxe4 32. Rb4 Bf5 33. g4 hxg4 34. hxg4 Bc2 35. Rc6 Bd1 36. Re4 Bxe2 37. Rxe2 Re8 38. f4 Rd1 39. Rxe5 Rxe5 1/2-1/2

[Event "Yuzhny FO-ch op"]
[Site "Armavir"]
[Date "2011.03.14"]
[Round "3"]
[White "Petrov, Artur"]
[Black "Bargandzhiya, Zaza"]
[Result "1-0"]
[WhiteElo "2382"]
[BlackElo "2079"]
[PlyCount "125"]
[EventDate "2011.03.12"]
[EventType "swiss"]
[EventRounds "9"]
[EventCountry "RUS"]
[SourceTitle "CBM 141 Extra"]
[Source "ChessBase"]
[SourceDate "2011.05.03"]
[SourceVersion "1"]
[SourceVersionDate "2011.05.03"]
[SourceQuality "1"]

1. e4 c5 2. Nf3 d6 3. d4 cxd4 4. Nxd4 Nf6 5. Nc3 g6 6. Be2 Bg7 7. 0-0 0-0 8. Re1 Nc6 9. Nb3 Be6 10. Bf1 d5 11. Nc5 Bg4 12. f3 d4 13. Nb5 Bc8 14. e5 Nd7 15. Nxd7 Qxd7 16. f4 a6 17. Na3 b5 18. Nb1 Bb7 19. Nd2 Rac8 20. Nb3 e6 21. Nc5 Qc7 22. Nxb7 Qxb7 23. Bd2 Rfd8 24. Bd3 Bf8 25. Qf3 Qb6 26. a3 Na5 27. b3 Nb7 28. b4 Rd7 29. h4 Nd8 30. h5 Nc6 31. hxg6 fxg6 32. Qg4 Ne7 33. Qh3 Nd5 34. g4 Rg7 35. Kh2 Re8 36. Rg1 Qc7 37. Rae1 Ree7 38. Qf3 Rgf7 39. Qe4 Bh6 40. g5 Bf8 41. Qxd4 Rd7 42. Qe4 Ne7 43. Rg2 Nd5 44. Ra1 Nc3 45. Qa8 Nd5 46. Qxa6 Nxf4 47. Bxf4 Rxf4 48. Qxe6+ Kh8 49. Rf1 Rxf1 50. Bxf1 Re7 51. Qd6 Qc3 52. Bxb5 Rf7 53. Qd5 Rf4 54. Bd3 Qe1 55. Rg3 Bg7 56. Qa8+ Rf8 57. Qe4 Qxe4 58. Bxe4 Bxe5 59. Kh3 Bxg3 60. Kxg3 Rc8 61. b5 Kg7 62. b6 Kf8 63. b7 1-0